| 000 | 01620cam a22004097a 4500 | ||
|---|---|---|---|
| 003 | CHAP | ||
| 005 | 20220329142057.0 | ||
| 008 | 990528d1998 mx a r 00110 spa d | ||
| 010 | _a78050 | ||
| 011 | _a79022 | ||
| 020 | _a9688844853 | ||
| 035 | _a89145 | ||
| 040 | _cCHAP | ||
| 082 | 0 | 4 |
_a630.71 _bB4 |
| 100 | 0 | 0 |
_aBeltrán Cabrera, Concepción. _911442 |
| 245 | 1 | 0 |
_aBachillerato universitario agrícola : _bcurriculum, expectativas y orientación educativa _c/por Concepción Beltrán Cabrera, Liberio Victorino Ramírez y Luis Rey Dircio Barrios |
| 260 |
_aChapingo, Méx. : _bUACH., _c1998. |
||
| 300 |
_a132 p. : _bgráfs. ; cuadros |
||
| 590 |
_aBATCH-UPD _b10 _c20130110 _lUCH01 _h0425 |
||
| 590 |
_aBATCH-UPD _b10 _c20130410 _lUCH01 _h0100 |
||
| 590 |
_aBATCH-UPD _b10 _c20130914 _lUCH01 _h0056 |
||
| 590 |
_aCONVERSION _b10 _c20130109 _lUCH01 _h1343 |
||
| 650 | 1 | 4 |
_aAgricultura _xPlanes de estudio. _91769 |
| 650 | 1 | 4 |
_aEducación agrícola. _935491 |
| 650 | 1 | 4 |
_aEducación media superior. _935578 |
| 650 | 1 | 4 |
_aOrientación vocacional. _983575 |
| 700 | 0 |
_aDircio Barrios, Luis Rey. _932680 |
|
| 700 | 0 |
_aVictorino Ramírez, Liberio. _9119091 |
|
| 901 | _aBK | ||
| 905 | _aGuadalupe Pinto C. | ||
| 942 | _cLIBRO | ||
| 949 |
_a630.71 B4 _bBC _cLIBRO _d33724000725842 _eLIBRO _fc.4 _h95436 _i89145 _sb |
||
| 949 |
_a630.71 B4 _bBC _cLIBRO _d33724000725891 _eLIBRO _h95433 _i89145 _sb |
||
| 949 |
_a630.71 B4 _bBC _cLIBRO _d33724000725909 _eLIBRO _fc.2 _h95434 _i89145 _si |
||
| 949 |
_a630.71 B4 _bBC _cLIBRO _d33724000725917 _eLIBRO _fc.3 _h95435 _i89145 _sb |
||
| 949 |
_a630.71 B4 _bBC _cUACH _d891455 _eUACH _fc.5 _h95437 _i89145 _sb |
||
| 999 |
_c78050 _d78050 |
||